000
00216 a2200097 4500
001
30606
100
_a
Shipman
245
_a
Education and Modernization
260
_a
London
_b
Faber & Faber
_c
090
_c
20546
_d
20546
942
_a
NUST-CAE
_c
M
_c
11721
999
_c
265679
_d
265679